[Event "Wch U12 Girls"]
[Site "Belfort"]
[Date "2005.07.27"]
[Round "10"]
[White "Szabo, Noemi"]
[Black "Chen, Yidi"]
[Result "0-1"]
[WhiteElo "1939"]
[BlackElo "1599"]
[PlyCount "84"]
[EventDate "2005.07.19"]
[EventType "swiss"]
[EventRounds "11"]
[EventCountry "FRA"]
[SourceTitle "CBM 107 Extra"]
[Source "ChessBase"]
[SourceDate "2005.09.01"]
[SourceVersion "1"]
[SourceVersionDate "2005.09.01"]
[SourceQuality "1"]

1. e4 c5 2. Nf3 d6 3. d4 cxd4 4. Nxd4 Nf6 5. Nc3 a6 6. Be3 e6 7. f3 Nc6 8. Qd2 Be7 9. 0-0-0 0-0 10. g4 Nxd4 11. Bxd4 b5 12. g5 Nd7 13. h4 Bb7 14. Bd3 Nc5 15. Kb1 b4 16. Ne2 a5 17. Rdg1 e5 18. Be3 d5 19. Ng3 d4 20. Bf2 g6 21. Ne2 Ba6 22. Bxa6 Rxa6 23. h5 a4 24. hxg6 Rxg6 25. Rh5 b3 26. cxb3 axb3 27. a3 Ne6 28. Bh4 d3 29. Nc3 Nf4 30. Rh6 Qa5 31. Rxg6+ fxg6 32. Qd1 Rb8 33. Qc1 Bc5 34. Rf1 Bd4 35. Nd1 Qb5 36. Ne3 Qa6 37. Ng4 Rc8 38. Nf6+ Kh8 39. Qe1 d2 40. Qd1 Rc2 41. Ka1 Bxb2+ 42. Kb1 Qxa3 0-1

[Event "Wch U12 Girls"]
[Site "Belfort"]
[Date "2005.07.26"]
[Round "8"]
[White "Malakhova, Elizaveta"]
[Black "Chen, Yidi"]
[Result "1-0"]
[WhiteElo "1921"]
[BlackElo "1599"]
[PlyCount "111"]
[EventDate "2005.07.19"]
[EventType "swiss"]
[EventRounds "11"]
[EventCountry "FRA"]
[SourceTitle "CBM 107 Extra"]
[Source "ChessBase"]
[SourceDate "2005.09.01"]
[SourceVersion "1"]
[SourceVersionDate "2005.09.01"]
[SourceQuality "1"]

1. e4 c5 2. c3 d5 3. exd5 Qxd5 4. d4 Nc6 5. Nf3 cxd4 6. cxd4 e5 7. Nc3 Bb4 8. Be3 e4 9. Ng1 Nf6 10. h3 Qf5 11. a3 Ba5 12. Nge2 0-0 13. Ng3 Qg6 14. Bc4 Ne7 15. b4 Bc7 16. Nce2 Nfd5 17. Qd2 Kh8 18. Nf4 Bxf4 19. Bxf4 Be6 20. Be2 Nxf4 21. Qxf4 f5 22. Bh5 Qf6 23. Qe5 Qxe5 24. dxe5 Nc6 25. f4 exf3 26. Bxf3 Nxe5 27. Bxb7 Rab8 28. Bf3 Nxf3+ 29. gxf3 Bd5 30. Kf2 Rbc8 31. Rac1 g6 32. Ne2 Bc4 33. Nd4 Bf7 34. Nb5 Ra8 35. Rc7 a6 36. Nd6 Bg8 37. a4 Rf6 38. Nc8 Be6 39. Ne7 Bb3 40. a5 Rd6 41. Rb1 Ba4 42. Nc8 Rd2+ 43. Ke3 Rh2 44. Ra1 Bb3 45. Nb6 Re8+ 46. Kf4 Rxh3 47. b5 Be6 48. bxa6 h6 49. a7 g5+ 50. Ke5 Bd5+ 51. Kxd5 Rxf3 52. a8Q Rd3+ 53. Kc4 Rxa8 54. Kxd3 Rd8+ 55. Rd7 Re8 56. a6 1-0

[Event "Wch U12 Girls"]
[Site "Belfort"]
[Date "2005.07.24"]
[Round "6"]
[White "Vempati, Gayatri"]
[Black "Chen, Yidi"]
[Result "0-1"]
[WhiteElo "1599"]
[BlackElo "1599"]
[PlyCount "116"]
[EventDate "2005.07.19"]
[EventType "swiss"]
[EventRounds "11"]
[EventCountry "FRA"]
[SourceTitle "CBM 107 Extra"]
[Source "ChessBase"]
[SourceDate "2005.09.01"]
[SourceVersion "1"]
[SourceVersionDate "2005.09.01"]
[SourceQuality "1"]

1. d4 Nf6 2. c4 g6 3. Nc3 Bg7 4. e4 d6 5. Nf3 0-0 6. Be2 e5 7. d5 Nbd7 8. Nd2 Ne8 9. h4 f5 10. h5 f4 11. hxg6 hxg6 12. Bg4 Ndf6 13. Bxc8 Qxc8 14. Qf3 Qg4 15. Qxg4 Nxg4 16. Nf3 Nef6 17. Ng5 Rfc8 18. Ke2 Nd7 19. Bd2 Nh6 20. Rh3 Nf7 21. Ne6 Nf8 22. Nxg7 Kxg7 23. Rah1 Nd7 24. Rh7+ Kf8 25. g3 Nf6 26. R7h2 g5 27. gxf4 gxf4 28. f3 Ke7 29. Be1 a6 30. Bh4 Rg8 31. Kf2 Rg6 32. Rg1 Rag8 33. Rhg2 Rxg2+ 34. Rxg2 Rh8 35. Rg4 Rh6 36. Bxf6+ Kxf6 37. Kg2 Ng5 38. Na4 b6 39. b4 Rh8 40. Nb2 b5 41. c5 a5 42. cxd6 cxd6 43. Nd3 Rc8 44. bxa5 Rc2+ 45. Nf2 Rxa2 46. Rh4 Nf7 47. Rh7 Rxa5 48. Ng4+ Kg6 49. Rh1 Ra2+ 50. Nf2 Rb2 51. Rf1 Rb3 52. Nd1 Ng5 53. Rf2 b4 54. Rb2 Rxf3 55. Rxb4 Rg3+ 56. Kf2 Rh3 57. Rc4 Kh5 58. Nc3 Rxc3 0-1